| 000 | 00800nam a22002177a 4500 | ||
|---|---|---|---|
| 005 | 20240119132532.0 | ||
| 010 | _aENG-138962-63 | ||
| 020 |
_c4995.00 (set of 2 vols.) _a9789391211707 |
||
| 035 | _aEN-122494-95 | ||
| 037 | _bDBAD/PUB | ||
| 082 |
_a342.54068 _25 |
||
| 100 |
_aSinghal, M L _961145 |
||
| 245 |
_aJ K Soonavala Supreme Court on Service Law (1950-2021)/ _bBy M L Singhal |
||
| 250 | _a5th ed | ||
| 260 |
_aGurgoan _bLexisNexis _c2024 |
||
| 270 |
_bGurgoan _e122002 _a14th Floor, Building No. 10, Tower-B, DLF Cyber City, Phase-II |
||
| 300 |
_acclxviii,2876p. _c26cm(Hb) _bindex |
||
| 490 | _vvol 1,vol 2 | ||
| 505 | _aVol 1 (Abandonment of Service to Overtime Allowance). Vol 2 ('Panel' to Writ Petiton & Appendices). | ||
| 942 |
_2ddc _cEN _h342.54068 _mSIN _e5 |
||
| 999 |
_c200291 _d200291 |
||